01183nam a22001097a 4500008004100000100005200041245008200093260003400175300003300209520079700242773003401039260427b ||||| |||| 00| 0 eng d a Ngaihte, Thangkhanlal and Doungel, Jangkhongam aThe colonial impact on chieftainship: The case of the ZO people (1896–1954) aEconomic & Political Weekly  a61(8), Feb 21, 2026: p.53-59 aChieftainship, which has been central to the sociopolitical life of the Zo ethnic tribes in the Indo-Burma borderlands since precolonial times, features in all colonial writings on the Zo tribes, but there has been no major independent study of the institution. Analysing the impact of colonial rule on Zo chieftainship, the paper shows that colonial rule while hollowing out the core attributes of Zo chieftainship, entrenched landownership systems and economic power in favour of the chiefs within this system. This ultimately hastened the dissolution of the institution itself, in parts of the region, while further strengthening the hold of the chiefs on village lands in other places. –Reproduced https://www.epw.in/journal/2026/8/special-articles/colonial-impact-chieftainship.html  aEconomic & Political Weekly